000 00884cam4a220026500 4500
001 lce00649556
008 690227s1968 nyua b 001 0 eng
010 _a 68024678
020 _a0470045605
035 _a(Sirsi) r97415
035 _a(DLC) 68024678
035 _a(UPRA)lce00649556
040 _dUPRA
050 0 _aQP801.V5
_bB23
082 _a593/.1
100 1 _aBaker, Herman, 1926-
_dBaker, Herman, 1926-
_6A56011.1
245 1 0 _aClinical vitaminology :
_bmethods and interpretation /
_c[by] Herman Baker and Oscar Frank.
260 _aNew York :
_bInterscience Publishers,
_c[c1968]
504 _aIncludes bibliographies.
650 0 _aVitamins.
_6S11119.1
700 1 _aFrank, Oscar, 1932-
_dFrank, Oscar, 1932-
_6A56012.1
949 _aQP801.V5
_wLC
_i-138329
_mMEDICAL
_tBOOK
_lON-SHELF
949 _aQP801.V5
_wLC
_i-138330
_mMEDICAL
_tBOOK
_lON-SHELF
004 97415
999 _c53069
_d53069